Les meilleurs pilotes de F1 entre 1960 et 1990 - Statistiques

Statistiques générales
  • Ce quiz a été pris 58 fois
  • Le résultat moyen est 11 sur 20
Statistiques - réponses
Rang Saisons Pilote Points % Correct
1 11 Alain PROST 635,5
100%
4 7 Ayrton SENNA 391
100%
3 11 Niki LAUDA 420,5
87%
2 12 Nelson PIQUET 455
78%
8 11 Emerson FITTIPALDI 281
72%
5 9 Jackie STEWART 359
67%
10 9 Jim CLARK 255
67%
9 14 Graham HILL 270
63%
17 8 Alan JONES 199
61%
7 10 Nigel MANSELL 287
61%
20 12 / 11 John SURTEES / Mario ANDRETTI 180
59%
12 7 Jody SCHECKTER 246
57%
14 11 Jack BRABHAM 219
48%
11 10 Denny HULME 248
39%
18 10 René ARNOUX 181
37%
18 10 Jacky ICKX 181
30%
16 8 Ronnie PETERSON 206
30%
6 11 Carlos REUTEMANN 298
26%
15 10 Clay REGAZZONI 209
24%
13 12 Jacques LAFITTE 228
22%
Aucun quiz correspondant
Distribution des résultats
% des personnes avec chaque résultat
Percentile par nombre de réponses
Votre historique - résultats
Vous n’avez pas pris ce quiz